000 00439nam a22001577a 4500
003 OSt
005 20240416150849.0
008 240416b |||||||| |||| 00| 0 eng d
040 _cMRSPTU
100 _aSewak, Karta Ram (ਸੇਵਕ, ਕਰਤਾ ਰਾਮ)
245 _aAjadi Da Khool (ਆਜ਼ਾਦੀ ਦਾ ਘੋਲ)
250 _a1st
260 _aPunjab
_bTarksheel Society Punjab
_c2005
300 _a78
942 _2ddc
_cBK
_n0
999 _c10060
_d10060